00948nam a22002057a 4500003000400000005001700004008004100021020002400062040001300086082002300099245011900122264009500241300001200336336002100348337002600369338003600395490005400431700003500485776022200520OSt20260316111319.0260316b |||||||| |||| 00| 0 eng d z9781350058026qpbk. bengcHDL00a111.850954 Q822304a8The Bloomsbury research handbook of Indian aesthetics and the philosophy of art /cedited by Arindam Chakrabarti. 1aLondon ;aNew York :bBloomsbury Academic, an imprint of Bloomsbury Publishing Plc,c2018. ax,428p. atext2rdacontent acomputerbc2rdamedia aonline resourcebcr2rdacarrier0 aBloomsbury Research Handbooks in Asian Philosophy1 aChakrabarti, Arindam,eeditor.08iPrint Version:tThe Bloomsbury research handbook of Indian aesthetics and the philosophy of artdLondon ; New York : Bloomsbury Academic, an imprint of Bloomsbury Publishing Plc, 2016.z9781472528353w(DLC) 2015028329